000
00273nam a2200121Ia 4500
008
190216s9999||||xx |||||||||||||| ||und||
100
_a
Jakson K J
245
0
_a
Newnes Book Of Video
260
_b
Batter Worth&Co
_c
1983
300
_a
128
650
_a
Physics
942
_c
BK
999
_c
33431
_d
33431